[Event "Rilton Cup 34th"]
[Site "Stockholm"]
[Date "2005.01.03"]
[Round "7"]
[White "Ulybin, Mikhail"]
[Black "Cramling, Pia"]
[Result "0-1"]
[WhiteElo "2556"]
[BlackElo "2477"]
[Annotator "Aagaard,J"]
[PlyCount "54"]
[EventDate "2004.12.27"]
[EventType "swiss"]
[EventRounds "9"]
[EventCountry "SWE"]
[SourceTitle "CBM 104 Extra"]
[Source "ChessBase"]
[SourceDate "2005.03.01"]
[SourceVersion "1"]
[SourceVersionDate "2005.03.01"]
[SourceQuality "1"]

1. e4 c5 2. Nf3 e6 3. d4 cxd4 4. Nxd4 Nc6 5. Nc3 Qc7 6. f4 a6 7. Nb3 {This is
hardly the most dangerous way to meet the Taimanov-variation. If White plays 5.
Bd3 against 4...a6, Black will play ...Bc5 with the idea Nb3 Be7! and the
White knight is worse on b3 than on d4. Now White go to b3 just to avoid the
exchange on d4. This gives Black free hands. Besides returning to normal lines
with ...Be7 at some point, she can also delay this move and make other
reasonable moves.} b5 8. Bd3 d6 9. Be3 Nf6 10. Qf3 Bb7 11. O-O h5 $5 {All
moves so far have been natural. This might seem slightly odd to those not
familiar with the modern threatment of the Sicilian. This unprovoked h5-move
was played in a few positions in the Taimanov to start with, and has now by
2005 spread to lines of the Najdorf, Dragon and other Sicilian systems. The
ideas are many. Often it is played simply to prevent g2-g4. Here it is played
more aggressively, with the ideas of ...Ng4 and sometimes also h5-h4-h3
putting pressure on the White king's position. Therefore Ulibin's next move is
very natural, though new. Before White has played 12.h3, which also has its
disadvantages.  I think it is important to repeat that White cannot hope for
an opening advantage after his slightly unnatural play. This gives Black some
breathing room, and she uses this to play the adventurous h5!?.} 12. Kh1 Be7
13. a4 $2 {This was played by Sax from Hungary without the two moves Kh1 and
Be7 included. I do not think it is very good on move 12. Sax' opponent reacted
stragely with ...b4 and ...e5. Cramling's reaction is much better.} b4 14. Nd1
{Why would White want to put his knight here? Right now Ne2 does not work, as
another feature of the h-pawns advance is that the knight would be hunted from
g3 as soon as it would arrive there.} d5 $1 {Opening up for the long diagonal
from b7 to g2.} 15. Nf2 {Probably the only good move. After} (15. e5 Ng4 16.
Bg1 g5 $1 {White's centre would fall apart.}) 15... dxe4 16. Nxe4 Nxe4 17. Qxe4
$2 {But this is very bad. Probably Ulibin thought the threat on g7 would save
him. Instead it became his doom.} (17. Bxe4 {was better. Black now has various
options, but not that leads to an undisputed advantage. E.g.} f5 18. Bd3 Ne5
19. Qe2 Nxd3 20. cxd3 h4 21. h3 {and White has things to be happy about too.})
17... Na5 $1 18. Qd4 $2 ({Better was} 18. Qe5 {but after} Qxe5 19. fxe5 Nxb3
20. cxb3 h4 21. h3 Rd8 {it is clear that White is a little bit under pressure.
Still a strong player as Ulibin would probably make the draw here.}) 18... Nxb3
19. cxb3 Rd8 $3 ({Cramling could get a good endgame again with} 19... Qd8 20.
Rad1 Qxd4 21. Bxd4 Rd8 {but she finds a much more original, as well as
stronger continuation.}) 20. Qxg7 (20. Qc4 Qxc4 21. Bxc4 h4 22. h3 {was of
course possible, but after} Bf6 {the slight differences from the previous
positions add serious problems to the White defence.}) 20... Bf6 $1 {The point.
With this move Black gains enough time to coordinate before she regains her
piece with a winning attack.} 21. Qxf6 Rg8 22. Rg1 Rxd3 {There is no way such
a position can be saved. g2 is too weak.} 23. Bf2 Rd2 $1 {Putting immediate
pressure on the White position so White does not find time for Bh4 with a hint
of counterplay.} 24. Bg3 (24. Qh4 Bd5 $1 {is similar.}) 24... Bd5 $1 {Prepares
the deadly Qb7.} 25. Qh4 Qb7 26. h3 (26. Qh3 h4 $1 {would have been another
elegant finish.}) 26... Bxg2+ 27. Kh2 Bf1+ 0-1

[Event "EU-Cup 09th final"]
[Site "Hilversum"]
[Date "1993.12.10"]
[Round "1"]
[White "Adams, Michael"]
[Black "Anand, Viswanathan"]
[Result "0-1"]
[WhiteElo "2630"]
[BlackElo "2725"]
[Annotator "Anand,V"]
[PlyCount "80"]
[EventDate "1993.12.10"]
[EventType "team-k.o."]
[EventRounds "3"]
[EventCountry "NED"]
[SourceTitle "EXT 2020"]
[Source "ChessBase"]
[SourceDate "2019.10.17"]
[SourceVersion "1"]
[SourceVersionDate "2019.10.17"]
[SourceQuality "1"]
[WhiteTeam "Clichy Echecs 92"]
[BlackTeam "Lyon-Oyonnax Echecs"]
[WhiteTeamCountry "FRA"]
[BlackTeamCountry "FRA"]

1. e4 {Boensch} c5 2. Nc3 e6 3. Nf3 a6 4. d4 cxd4 5. Nxd4 d6 {A flexible move
order - Black avoids committing the knight to f6 - which is useful in systems
where White plays Pg4-g5} 6. f4 b5 7. Bd3 Bb7 8. O-O (8. Qf3 {Boensch} Nd7 9.
Be3 Rc8 10. g4 Nc5 11. g5 Ne7 12. Nb3 Na4 13. Nxa4 bxa4 14. Nd2 d5 $15 {
Anand,V-Wojtkiewicz,A Manila olm 1992 r 35}) 8... Nf6 {Now Black can play Nf6
even though it is possible to delay it for one more move.} (8... Nd7 9. Kh1 (9.
f5 $2 Qb6 $1 $17 (9... e5 10. Ne6 Qb6+ 11. Kh1 fxe6 12. Qh5+ Kd8 13. fxe6 Ndf6
14. Qf7 $13)) 9... Ngf6 {Transposes}) 9. a3 Nbd7 10. Kh1 Be7 (10... Rc8 {
To stop b4.But I didn't want to stay undeveloped for too long}) 11. b4 {
Obviously a risky move. White fixes the queenside pawn structure to his
advantage. He can play a4 later for instance but there are disadvantages as
well - the c4 square - that become apparent in the game} (11. Qe1 {Boensch} Qc7
12. Qg3 g6 13. Bd2 Nc5 14. Rae1 d5 15. e5 Nfe4 16. Nxe4 dxe4 $15 {Dobrovolsky,
L-Gross,S Rimavska Sabota (10) 1990 0-1 83}) 11... O-O 12. Bb2 Rc8 {/\ Nb6-c4}
(12... Qb6 $5 {Boensch}) 13. Qe2 {/\ e4-e5} Nb6 $1 {Black must act quickly
white was /\ing e5.} 14. e5 {Michael played this due to an oversight} (14. a4
$5 Nc4 15. Bc1 Qb6 16. Nf3 Rfd8 $13) 14... dxe5 15. fxe5 Nfd5 $1 (15... Qxd4
16. exf6 Bxf6 17. Na4 $1 (17. Nd1 $2 Qh4 $1 18. Bxf6 gxf6 $17) 17... Qd8 18.
Bxf6 gxf6 19. Nxb6 Qxb6 20. Qh5 f5 21. Qg5+ Kh8 22. Qf6+ Kg8 23. Rxf5 $18) 16.
Nxd5 $2 {This hands over the initiative to black.} (16. Nxe6 fxe6 17. Qh5 Rf5
$3 {Mickey missed this move when he played e5.} (17... g6 18. Bxg6 hxg6 19.
Qxg6+ Kh8 20. Qh6+ Kg8 21. Qxe6+ $40) 18. Rxf5 g6 $1 19. Rg5 Bxg5 20. Bxg6 Rc7
$19) (16. Ne4 $5 Nc4 $5 (16... Na4 17. Qh5 g6 (17... h6 $6 18. Bc1 $40) (17...
Nxb2 $6 18. Ng5 $1 (18. Nf6+ Nxf6 19. exf6 Nxd3 $19) 18... h6 19. Nxf7 Rxf7 $8
(19... Qe8 20. Bg6 $16 Qd7 $140 21. Nxh6+ gxh6 22. Bf7+ Rxf7 23. Rxf7 Nf4 24.
Rxf4 Bg5 25. Qg6+ Qg7 26. Qxe6+ $40) 20. Qxf7+ Kh8 21. Nxe6 Qg8 22. Qg6 Nxd3
$13) 18. Qh6 Nxb2 19. Rf3 Nf4 $1 $8 20. Qxf4 (20. Rxf4 Bxe4 21. Rxe4 $8 Nxd3
22. cxd3 Qd5 $15 (22... Bg5 $15)) 20... Nxd3 21. cxd3 Kh8 $1) 17. Bxc4 (17. Qh5
h6 (17... g6 18. Qh6 Nxb2 19. Rf3 Nf4 {Transposes}) 18. Bc1 Nde3 $1) 17... Rxc4
) 16... Bxd5 17. Rae1 (17. Rad1 $5 {Boensch}) 17... Bc4 18. Nf3 $6 (18. Bxh7+
$2 {I wasn't worried about this during the game but Salov pointed out that
since White stood worse after the exchange of bishops the position called for
such desperate action!} Kxh7 19. Qh5+ Kg8 20. Re3 $1 (20. Rf3 g6 21. Rg3 Kg7
22. Rf1 Qe8 $19) 20... Bxf1 $1 (20... g6 $2 21. Rg3 Qe8 (21... Bxf1 22. Rxg6+
$10 (22. Nxe6 Qe8 23. Qh6 $10)) 22. Rxf7 (22. Rf6 Kg7) 22... Qxf7 23. Rxg6+
Qxg6 24. Qxg6+ Kh8 $10) (20... Bg5 $2 21. Rh3 Bh6 22. Rf6 $1 $40) 21. Rh3 Bxg2+
$1 22. Kxg2 Qd5+ 23. Kg1 f5 $1 {and white is lost} 24. Qh7+ Kf7 25. Qh5+ (25.
Rg3 Ke8 (25... Rg8 $4 26. Qg6+ $18) 26. Rxg7 Rc7) 25... g6 26. Qh7+ Ke8 27.
Qxg6+ Kd7 $19) (18. Qe4 {Boensch} Bxd3 19. cxd3 $15) 18... Bxd3 19. cxd3 Nd5 $6
(19... Qd5 $1 $17 {/\ Qb3, Na4. The knight looks good on d5 but the queen is
more effective there}) (19... Qd5 $1 $17 {/\ Na4,Qb3}) (19... Na4 $1 $17) 20.
Qd2 $1 $15 Ra8 {?! Boensch} (20... Nb6 $5 {/\ Qd5}) (20... a5 $5 {Boensch} 21.
bxa5 Ra8 (21... b4 22. Ra1 $15) 22. Nd4 Bg5 $17) (20... Qd7 $15 {Boensch}) 21.
Nd4 Bg5 22. Qf2 {?! Boensch} (22. Qe2 {Boensch}) 22... Bh4 $6 {! Boensch} (
22... Rc8 $1 23. Nb3 (23. Bc1 $2 Bxc1 24. Rxc1 Rxc1 25. Rxc1 Qg5 26. Re1 Rc8
27. Rf1 Qe7 $15 {<->c})) 23. g3 Bg5 24. h4 Bh6 25. Kh2 Rc8 26. Bc1 $4 (26. Nb3
$1 {Mickey pointed this out at the post-mortem.The position seems about equal.
After fighting back to equality Michael blunders}) (26. Nb3 $1) (26. Re4 $6 f5
$1 27. exf6 (27. Re2 Qd7 $19) 27... Nxf6 $19) (26. Re2 $17) 26... Rxc1 $1 27.
Rxc1 Ne3 28. Kh3 $2 (28. Nc6 $1 Ng4+ (28... Qxd3 29. Qf3 $1 (29. Qxf7+ Rxf7 30.
Ne7+ Kf8 $1 $19) (29. Ne7+ Kh8 30. Qxf7 Nxf1+ $19) 29... Qd2+ (29... Nxf1+ 30.
Rxf1 Qxf3 31. Rxf3 $15) 30. Kh3 Nxf1 31. Rxf1 {Black is clearly better but he
has a difficult technical task ahead of him. Contrast the position of the
knight on c6 with the miserable position it occupies in the game}) 29. Kg2 (29.
Kg1 Qxd3 $19) 29... Qxd3 (29... Nxf2 30. Nxd8 Nxd3 31. Rc8 $1) 30. Qf3 $17)
28... Nxf1 $1 (28... Qxd4 $4 29. Qxf7+ Rxf7 30. Rc8+ Rf8 31. Rfxf8#) 29. Rxf1
Qd5 $1 $19 {>< Nd4} 30. g4 g6 31. Re1 Rc8 32. Nf3 Rc3 33. g5 Bf8 34. Re3 Rxa3
35. d4 Rxe3 36. Qxe3 Bxb4 37. Kg3 a5 38. Kf4 a4 39. Qc1 Qc4 40. Qb1 a3 (40...
a3 41. Qe4 a2 42. Qa8+ Bf8 $19) 0-1

[Event "Hoogovens-B"]
[Site "Wijk aan Zee"]
[Date "1990.01.??"]
[Round "2"]
[White "Polgar, Judit"]
[Black "Damljanovic, Branko"]
[Result "1-0"]
[WhiteElo "2550"]
[BlackElo "2535"]
[Annotator "Anand,V"]
[PlyCount "65"]
[EventDate "1990.01.??"]
[EventType "tourn"]
[EventRounds "11"]
[EventCountry "NED"]
[EventCategory "9"]
[SourceTitle "CBM 017"]
[Source "ChessBase"]
[SourceDate "1990.08.01"]
[SourceVersion "1"]
[SourceVersionDate "1990.08.01"]
[SourceQuality "1"]

1. e4 c5 2. Nf3 Nc6 3. d4 cxd4 4. Nxd4 Nf6 5. Nc3 d6 6. Bc4 Qb6 7. Nb3 e6 8.
Be3 Qc7 9. f4 a6 10. Bd3 b5 11. Qf3 Bb7 12. O-O Be7 13. a4 b4 14. Ne2 Na5 15.
Nxa5 Qxa5 16. g4 Qc7 (16... d5 17. e5 Ne4 $132) 17. g5 Nd7 18. Bd4 $6 O-O 19.
Qh5 e5 $1 $15 20. f5 $5 exd4 21. f6 Ne5 22. Rf4 Rfe8 23. Rh4 h6 24. Ng3 Qd8 25.
Rf1 $1 (25. Nf5 $2 Bxf6 26. gxf6 Qxf6 $17) 25... Bf8 26. Nf5 Re6 27. Rf2 d5 (
27... Rxf6 28. gxf6 Qxf6 $17) 28. Rg2 Ng6 $2 (28... dxe4 29. fxg7 (29. Nxh6+
gxh6 30. gxh6+ Kh8 $19) 29... Nf3+ 30. Kf2 Nxh4 $19) 29. fxg7 Bxg7 30. Nxg7
Kxg7 31. Qxh6+ Kg8 32. e5 $18 f5 33. gxf6 1-0

[Event "Benidorm op 21st"]
[Site "Benidorm"]
[Date "2008.05.01"]
[Round "7"]
[White "Arizmendi Martinez, Julen Luis"]
[Black "Suba, Mihai"]
[Result "1-0"]
[WhiteElo "2516"]
[BlackElo "2489"]
[Annotator "Arizmendi,J"]
[PlyCount "59"]
[EventDate "2008.04.25"]
[EventType "swiss"]
[EventRounds "10"]
[EventCountry "ESP"]
[SourceTitle "EXT 2010"]
[Source "ChessBase"]
[SourceDate "2010.11.25"]
[SourceVersion "1"]
[SourceVersionDate "2010.11.25"]
[SourceQuality "1"]

1. e4 c5 2. Nf3 d6 3. d4 Nf6 4. Nc3 cxd4 5. Nxd4 e6 6. f4 {Suba is a great
specialist in the Scheveningen, and we have played countless games in it. This
time, however, I decided to try something new. I didn´t really expect to get
much out of the opening, but simply a position with chances for both sides.} a6
7. Qf3 Qb6 8. Nb3 h5 {A Suba recipe which has not caught on for some reason:
black prevent white´s g4 push and leaves him in search of an alternative idea.
His results with it have not been too good, but with time he has developed
what seems to be a perfectly viable line.} 9. Bd2 Nbd7 10. O-O-O Qc7 11. Bd3 b6
$1 {This little improvement is the key to the whole system. In the past, Suba
had employed 13...b5, but realized that leaving a5 unprotected might give
White some ideas based on the b3 knight jumping to a5. Of course, black is not
giving up on his queenside advance, but simply postponing it until his
development is completed.} 12. Rhe1 Bb7 13. Qe2 Be7 14. Kb1 b5 15. a3 Nc5 $6 ({
I believe black should have made one more preparatory move:} 15... g6 $5) 16.
Nxc5 dxc5 17. e5 c4 (17... Nd5 18. f5 (18. Nxd5 $5 Bxd5 19. c4 bxc4 20. Bxc4
O-O 21. Bxd5 exd5 22. f5)) 18. Bg6 $1 {This intermediate move is what the
Romanian grandmaster missed.} ({An alternative was} 18. exf6 cxd3 19. fxg7
dxc2+ 20. Kxc2 Rg8 21. Qxh5 Rxg7 22. f5 (22. Rxe6 Rxg2) 22... O-O-O 23. fxe6
fxe6 24. g3 {, when black still has to prove his compensation for the pawn.
Nonetheless, I prefer the move played in the game.}) 18... Ng4 $2 (18... Nd7
19. Bxh5 $14 {/+/-} Nc5) 19. Be4 $1 {Another brutal shot.} g6 ({the key to 19.
Be4 is} 19... Nxh2 $2 20. Rh1 b4 (20... Ng4 21. Qxg4 hxg4 22. Rxh8+ Bf8 23.
Nxb5 $1 $18 {, followed by Bb4, wins on the spot.}) 21. axb4 Ng4 22. Qxg4 hxg4
23. Rxh8+ Bf8 24. Be3 f5 25. exf6 $18 {and black is defenseless.}) (19... O-O-O
20. h3 Nh6 21. Qxh5 {is just a pawn for nothing.}) 20. h3 Nh6 21. g4 {I played
this move quickly, believing there was no difference. Then, while my opponent
was thinking, I realized there was a difference after all.} (21. Bxb7 $142 Qxb7
22. g4 O-O-O 23. Ne4 {And white is not just a pawn up, but black´s h6-knight
is completely shut out of the game. Besides, Bb4 is coming.}) 21... O-O-O 22.
Bxb7+ Kxb7 23. Ne4 a5 {That´s the key: with the queen on c7, black can prevent
the positional threat Bb4.} (23... Kb8 24. Bb4 Bxb4 25. axb4 $16) 24. Qf3 $1 (
24. Nd6+ {is the move one wants to play, but} Bxd6 25. exd6 Rxd6 26. Bxa5 $2
Rxd1+ 27. Rxd1 Qxa5 28. Qe4+ Kc8 $8 $11 {and there is no win for white. Yet, I
saw a way to implement this idea.}) 24... Ka6 (24... Kb8 25. Nd6 $1 Bxd6 26.
exd6 Rxd6 27. Bc3) 25. Nd6 $1 Rh7 $6 (25... Bxd6 26. exd6 Rxd6 27. Bxa5 $1 {
is the justification behind 24.Qf3!} Rxd1+ 28. Rxd1 Qxa5 (28... Kxa5 29. Qc3+)
29. Rd6+) (25... Rd7 26. gxh5 Bxd6 27. exd6 Rxd6 28. Bxa5 $1) 26. Bxa5 $1 {
Still!} Kxa5 27. Nb7+ Kb6 28. Nxd8 Rh8 (28... Bxd8 29. Rd6+ Ka7 30. Red1 $18)
29. g5 (29. Nb7) 29... Bxd8 30. Rd6+ 1-0

[Event "Leonid Stein Memorial-B"]
[Site "Lvov"]
[Date "2000.05.15"]
[Round "4"]
[White "Kazakov, Mikhail"]
[Black "Atalik, Suat"]
[Result "0-1"]
[WhiteElo "2426"]
[BlackElo "2575"]
[Annotator "Atalik,S"]
[PlyCount "84"]
[EventDate "2000.05.12"]
[EventType "tourn"]
[EventRounds "10"]
[EventCountry "UKR"]
[EventCategory "10"]
[SourceTitle "EXT 2002"]
[Source "ChessBase"]
[SourceDate "2001.11.25"]
[SourceVersion "1"]
[SourceVersionDate "2001.11.25"]
[SourceQuality "1"]

1. e4 c5 2. Nf3 d6 3. d4 cxd4 4. Nxd4 Nf6 5. Nc3 Nc6 6. Bc4 Qb6 7. Nb3 e6 8.
Bd3 $5 a6 (8... Be7 9. Be3 (9. f4 $6 O-O 10. Qf3 Nb4 11. Be3 Nxd3+ 12. cxd3 Qa6
$15) 9... Qc7 10. f4 a6) 9. f4 Qc7 (9... Be7 10. Qf3 Nb4 (10... O-O 11. Be3 Qc7
)) 10. Qf3 b5 11. O-O Bb7 (11... Be7 $5 12. e5 $140 $2 dxe5 13. fxe5 Qa7+ 14.
Be3 Nxe5 15. Qg3 Qb8 16. Qxg7 Rg8 17. Qh6 Neg4 18. Qh3 Nxe3 19. Qxe3 Qxh2+ 20.
Kxh2 Ng4+) (11... Nb4 $5) 12. Be3 (12. Bd2) 12... Be7 13. Qh3 O-O (13... Nb4
14. a3 Nxd3 15. cxd3 O-O 16. Rac1 Qd8 $11) 14. g4 Nd7 (14... Nb4 $2 15. e5 dxe5
16. fxe5 $1 (16. g5 Nxd3 17. gxf6 Nxf4 18. Bxf4 Bxf6 19. Bh6 Bd8 $17) 16...
Qxe5 17. Bd4 Qc7 18. g5 $1 (18. Bxf6 $2 Nxd3 19. Bxe7 Qb6+ 20. Nc5 Nxc5) 18...
Nxd3 19. gxf6 $18) 15. g5 (15. f5 $5 exf5 16. Nd5 (16. gxf5 Nce5) 16... Qd8 (
16... fxg4 17. Qxg4 Nde5 18. Qxg7+ Kxg7 19. Nxc7 Rac8 20. Nd5 Bh4 $13) 17. gxf5
Nce5 $13) (15. Nd5 $2 exd5 16. exd5 g6 17. dxc6 Qxc6 18. Nd4 Qd5 19. Be2 Nf6
20. Bf3 Ne4 $17) 15... Nb4 16. Nd4 Rfe8 $6 (16... Nc5 17. f5 exf5 18. exf5
Nbxd3 19. cxd3 b4 20. Nce2 $13) (16... Rae8 $1 17. f5 exf5 18. exf5 Nxd3 19.
cxd3 Bd8 $1 (19... b4 $6 20. Ne4 d5 21. f6 $3 dxe4 22. fxg7 $16) 20. f6 gxf6
$13) 17. Rf3 e5 $6 (17... g6 18. Qh4 (18. Nxe6 $2 fxe6 19. Qxe6+ Kf8 20. f5 Ne5
$19) 18... Nxd3 19. cxd3 h5 20. f5 (20. Nce2 Bf8 21. Ng3 Bg7) 20... Ne5 $132)
18. Nf5 exf4 19. Rxf4 $6 (19. Nxg7 $3 fxe3 (19... Kxg7 20. Qh6+ Kg8 21. Rh3 Nf8
22. Bd4 f6 23. gxf6 Bd8 24. Kh1 Ng6 25. Rg1 Qf7 26. Qxh7+ $3 Qxh7 27. f7+ Kxf7
28. Rxh7+ Kg8 29. Rxb7 $18) 20. Nxe8 Rxe8 21. Rxf7 (21. Qh5 $6 Ne5 22. Rh3 Bd8
23. Qxh7+ Kf8 $17) 21... Nf8 22. Raf1 Qc5 $1 (22... e2 $6 23. Bxe2 Qc5+ 24. Kh1
Qxg5 25. Rxf8+ Bxf8 26. Rg1 Qxg1+ 27. Kxg1 $18) 23. Kh1 $1 Nxd3 24. cxd3 Qe5 (
24... b4 25. Qh5 bxc3 (25... Qe5 26. Rxh7 Nxh7 27. Qxe8+ Bf8 28. Qf7+ Kh8 29.
g6 $18) (25... Qxg5 26. Rg1 Qxg1+ 27. Kxg1 bxc3 28. Rxh7 Nxh7 29. Qxe8+ Bf8 30.
Qe6+ Kh8 31. bxc3 $18) 26. Rxh7 Nxh7 27. Qg6+ Kh8 28. Rf7 $18) (24... Bc6 25.
Qh6 Qe5 26. R1f5 e2 27. Nxe2 Bxe4+ 28. dxe4 Qxe4+ 29. Rf3 $18) 25. Qh6 b4 26.
Ne2 $1 (26. R1f5 bxc3 27. Rxe5 Kxf7 28. Rf5+ Kg8 29. bxc3 e2 $132) 26... Bxe4+
27. dxe4 Qxe4+ 28. R1f3 Ne6 $16) (19. Bxf4 $2 Ne5 20. Bxe5 dxe5 21. Nxg7 Kxg7
22. Rxf7+ (22. Qh6+ Kh8 23. Rh3 Bc5+ 24. Kh1 f5 25. gxf6 Qf7 $19) 22... Kxf7
23. Qxh7+ Ke6 $19) (19. Bd4 $6 Ne5) 19... Bxg5 20. Qg3 Qd8 (20... Bf6 $2 21.
Nxg7 Bxg7 22. Rg4 Kh8 23. Rxg7 Rg8 24. Bh6 Qc5+ 25. Kh1 Qe5 (25... Nxd3 26.
cxd3 Qe5 27. Rxh7+ $3 (27. Rg1 Qxg3 28. R1xg3) 27... Kxh7 28. Qh4 Rg4 29. Qxg4
Kxh6 30. Rg1 $18) 26. Rxh7+ Kxh7 27. Qh4 $18) (20... h6 $2 21. h4 $18) 21. Rf2
$6 (21. h4 Bf6 22. Nxg7 Bxg7 23. Rg4 Kh8 24. Rxg7 Rg8 $11) 21... Bf6 22. Nxd6
$2 {Draw offer.} (22. Nxg7 Bh4 23. Qg2 Bxf2+ 24. Bxf2 Kh8 25. Nxe8 Qxe8 26. Kh1
f5 27. Rg1 Qf7 $11) 22... Be5 (22... Bh4 $2 23. Qf4 Bxf2+ 24. Qxf2 Ne5 25. Nxb7
) 23. Bf4 Bxd6 24. Bxd6 Re6 25. Kf1 $2 (25. Kh1 Rg6 26. Qf4 Rf6 27. Qg3 Nxd3
28. cxd3 Rxf2 29. Qxf2 Nf6 30. Qg3 Rc8 $15) 25... Nxd3 26. cxd3 Nf6 27. e5 Ne8
28. Bc5 Qd7 (28... b4 29. Bxb4 (29. Ne2 Qd5 30. d4 Rg6) 29... Qd4 30. Rf4 Qxe5
31. d4 Qh5 $17) 29. d4 Rg6 30. Qf4 Nc7 $17 31. Qe3 b4 32. Ne2 (32. Bxb4 Qc6)
32... Nd5 33. Qb3 a5 34. Ng3 a4 35. Qf3 Rg4 $1 $19 36. Re1 Nf4 37. Qe3 Qd5 38.
Ree2 Nxe2 39. Kxe2 Qxa2 40. Qd2 a3 41. bxa3 Qxd2+ 42. Kxd2 bxa3 (42... bxa3 43.
Rf1 a2 44. Ra1 g6 45. Kc3 Rh4 46. Nf1 Rh3+ 47. Kb2 Bd5 $19) 0-1